Landowner, grasp these nettles (Record no. 63534)

MARC details
000 -LEADER
fixed length control field 00675cam a2200193 4500
001 - CONTROL NUMBER
control field ABS62384
008 - FIXED-LENGTH DATA ELEMENTS--GENERAL INFORMATION
fixed length control field 000000n2000 000 0 eng u
035 ## - SYSTEM CONTROL NUMBER
System control number (Sirsi) u106065
100 ## - MAIN ENTRY--PERSONAL NAME
Personal name Gummer, J.
245 ## - TITLE STATEMENT
Title Landowner, grasp these nettles
260 ## - PUBLICATION, DISTRIBUTION, ETC.
Date of publication, distribution, etc. 2000
490 ## - SERIES STATEMENT
Series statement Country Life
Volume/sequential designation 294(20) 18 May 2000, 100-103(3)
520 ## - SUMMARY, ETC.
Summary, etc. In the first of a series of articles on the challenges faced by the National Trust in the 21st century, its role as a landowner is examined looking at why it is not setting a lead in the current agricultural crisis.
590 ## - LOCAL NOTE (RLIN)
Local note ABS
650 ## - SUBJECT ADDED ENTRY--TOPICAL TERM
Topical term or geographic name entry element NATIONAL TRUST
650 ## - SUBJECT ADDED ENTRY--TOPICAL TERM
Topical term or geographic name entry element AGRICULTURE
690 ## - LOCAL SUBJECT ADDED ENTRY--TOPICAL TERM (OCLC, RLIN)
Topical term or geographic name as entry element Rural
9 (RLIN) 6268
942 ## - ADDED ENTRY ELEMENTS (KOHA)
Suppress in OPAC 0
Holdings
Withdrawn status Lost status Source of classification or shelving scheme Damaged status Not for loan Home library Current library Shelving location Date acquired Total Checkouts Full call number Barcode Date last seen Copy number Price effective from Koha item type
    Dewey Decimal Classification     London London Journal article 22/05/2000   ABS62384 106065-1001 06/08/2019 1 06/08/2019 Journal article